LEADER 01198nam a2200241 i 4500 001 000000212920 003 CaOOAMICUS 005 20181022163301.0 008 120503s1934 it u000 u ita u 013 $a191770 040 $aSeMil$bita 245 10$aInventario della R. Segreteria di Stato e di Guerra del Regno di Sardegna :$b1720-1848. 260 $aRoma :$bSocieta' nazionale per la storia del Risorgimento Italiano,$c1934. 300 $a349 p. ;$c26 cm. 490 0 $aBiblioteca scientifica [Soc. nazionale per la storia del Risorgimento italiano] 650 4$aRegno di Sardegna <1720-1861> - Politica.$0(OLS)http://semarc/subject/26460 650 4$aRegno di Sardegna <1720-1861> - Storia.$0(OLS)http://semarc/subject/46671 830 0$aBiblioteca scientifica.$0(OLS)http://semarc/title/419404 850 $aSeMil 852 $aSeMil$W1$xVenegono$y1$m3S IV 91$j163350$B163350$CSeMilBibl$Z2$F174455 $81 996 $6245$aInventario della R. Segreteria di Stato e di Guerra del Regno di Sardegna :$b1720-1848$9(OLS)http://semarc/title/307208 996 $6260$aRoma :$bSocieta' nazionale per la storia del Risorgimento Italiano$9(OLS)http://semarc/publisher/36912 LEADER 00937nam a2200205 i 4500 001 000000025726 003 CaOOAMICUS 005 20180830125447.0 008 180830s1888 it u000 u ita u 040 $aSeMil$bita 245 10$aProse e poesie scelte di Carlo Tenca /$cedizione postuma per cura di Tullo Massarani. 260 $aMilano :$bUlrico Hoepli,$c1888. 300 $a2 v. ;$c19 cm. 700 1 $aMassarani, Tullo <1826-1905>.$0(OLS)http://semarc/name/11362 700 1 $aTenca, Carlo.$0(OLS)http://semarc/name/11428 773 0 $tBiblioteca scientifico-letteraria.$dMilano : Ulrico Hoepli, [187?]$w()25254 774 0 $aTenca, Carlo$tVol. 1.$kBiblioteca scientifico-letteraria$g1$w()207747 774 0 $aTenca, Carlo$tVol. 2.$kBiblioteca scientifico-letteraria$g2$w()207749 996 $6245$aProse e poesie scelte di Carlo Tenca$9(OLS)http://semarc/title/34662 996 $6260$aMilano :$bUlrico Hoepli$9(OLS)http://semarc/publisher/29765